00485nam a2200181Ia 4500003000400000005001700004008004100021020001500062040001800077041000800095082002100103100002100124245005900145250001200204260003800216300003000254650001900284OSt20241217112851.0210716s1982 xx 000 0 und d a0553210734 cAIMIT LIBRARY aeng a808.83 21bHINR aHingley, Ronald. aFive major plays by anton chekhov /cBy Anton Chekhov. a1st ed. aNew York :bBantam books ;c1982. axxxiv, 320p. ;bPBc17cm. aCherry orchard